Kỹ thuật nấu 100 món xúp

Gorde:
Xehetasun bibliografikoak
Egile nagusia: Triệu, Thị Chơi
Formatua: Liburua
Hizkuntza:Undetermined
Argitaratua: Thành phố Hồ Chí Minh Nhà xuất bản Thành phố Hồ Chí Minh 2004
Gaiak:
Etiketak: Etiketa erantsi
Etiketarik gabe, Izan zaitez lehena erregistro honi etiketa jartzen!
Thư viện lưu trữ: Trung tâm Học liệu Trường Đại học Cần Thơ
LEADER 00602nam a2200193Ia 4500
001 CTU_96270
008 210402s9999 xx 000 0 und d
020 |c 16000 
082 |a 641.5 
082 |b Ch462 
100 |a Triệu, Thị Chơi 
245 0 |a Kỹ thuật nấu 100 món xúp 
245 0 |c Triệu Thị Chơi, Nguyễn Thị Phụng 
260 |a Thành phố Hồ Chí Minh 
260 |b Nhà xuất bản Thành phố Hồ Chí Minh 
260 |c 2004 
650 |a Cookery 
904 |i Tuyến 
980 |a Trung tâm Học liệu Trường Đại học Cần Thơ